000 00810nam a2200241Ia 4500
003 OSt
005 20220923225459.0
006 a|||||r|||| 00| 0
007 ta
008 220922b |||||||| |||| 00| 0 hin d
024 _a269,024
037 _cTextual
040 _aARTS
_cARTS
_bhin
041 _2hin
_ahin
082 _aQ25, M5
100 _aशर्मा, अक्षयचन्द्र, संपा.
245 0 _aमातृदेवोभव
246 _aMātṛudevobhava
260 _aकलकत्ता
_b लालचंद पन्नादेवी कनोई चैरिटी ट्रस्ट
_c1985
650 _aधर्म
942 _hQ25, M5
_cTEXL
_2CC
999 _c378510
_d378510